Все православные страны - Statistics

General Stats
  • This quiz has been taken 4 times
  • The average score is 10 of 12
Answer Stats
Answer % Correct
Россия
100%
Греция
100%
Беларусь
100%
Украина
100%
Молдавия
100%
Румыния
100%
Сербия
100%
Болгария
75%
Черногория
75%
Северная Македония
50%
Грузия
50%
Приднестровье
25%
No matching quizzes found
Score Distribution
Percent of People with Each Score
Percentile by Number Answered
Your Score History
You have not taken this quiz